MARC

Tag First Indicator Second Indicator Subfields
LEADER 00000cai a2200000Ia 4500
001 in00002057921
005 20190326103355.0
006 m d
006 m o d
007 cr cnu--------
007 cr ||||||||||
008 981230c199u9999miudr doo 0 2eng c
010 |a  2014238976 
016 |a 00472013X 
019 |a 45224338  |a 48926958  |a 84210751  |a 746948008 
029 1 |a NLC  |b 00472013X 
035 |a (OCoLC)41081222 
040 |a RBN  |b eng  |e rda  |c RBN  |d TWU  |d EL$  |d OCLCQ  |d NLC  |d MR0  |d OCLCQ  |d OCL  |d IUL  |d UB3  |d UPP  |d ZAD  |d CUS  |d OCLCQ  |d CCT  |d OCLCQ  |d OCLCO  |d OCLCF  |d IUL  |d FUG  |d OCLCO  |d OCLCQ  |d NJR  |d OCLCO  |d OCLCA  |d OCL  |d GZM  |d IUL  |d GZM  |d IUL 
042 |a pcc 
049 |a TXAM 
050 4 |a PN771  |b .L585 elec.ver. 
050 1 4 |a PN771 
055 1 0 |a PN771 
055 1 1 |a PN771 
082 0 4 |a 809/.04  |2 21 
090 |a PN451  |b .L58 Electronic 
245 0 0 |a Gale literature resource center. 
246 1 |i Title on menu page:  |a Literture resource center, LRC 
246 3 |a LRC  |f <Nov. 29, 2014> 
247 1 0 |a Literature resource center  |f <Nov. 29, 2014> 
264 1 |a Detroit, MI :  |b Gale Cengage Learning 
300 |a 1 online resource 
310 |a Updated daily 
336 |a text  |b txt  |2 rdacontent 
337 |a computer  |b c  |2 rdamedia 
338 |a online resource  |b cr  |2 rdacarrier 
362 1 |a Began in 1990s? 
538 |a System requirements: Internet access; World Wide Web browser. 
538 |a Mode of access: World Wide Web via Internet. 
500 |a Description based on: Preview of site viewed Dec. 30, 1998. 
500 |a Electronic resource. 
520 |a Searchable database of full-text articles, essays, book reviews, plot summaries, poems, short stories, plays, and interviews with contemporary writers. 
588 |a Title from home page (viewed 18 Mar 2020). 
650 4 |a Bio bibliografía  |v Bases de datos. 
650 4 |a Literatura inglesa  |v Bio bibliografía  |v Bases de datos. 
650 4 |a Literatura americana  |x Bio bibliografía  |v Bases de datos. 
650 4 |a Autores americanos  |v Bio-bibliography  |v Bases de datos. 
650 4 |a Authors, English  |v Bio bibliografía  |v Bases de Datos. 
650 4 |a Literatura inglesa  |x Historia y crítica  |v Bases de datos. 
650 6 |a Littérature  |x Histoire et critique  |v Bases de données. 
650 6 |a Littérature  |v Biobibliographie  |v Bases de données. 
650 6 |a Écrivains  |v Bases de données. 
650 0 |a Literature  |x History and criticism  |v Databases. 
655 7 |a Bio-bibliography.  |2 fast  |0 (OCoLC)fst01423685 
776 1 |t Dictionary of literary biography. 
776 1 |t Contemporary authors. 
776 1 |t Contemporary literary criticism. 
710 2 |a Gale (Firm),  |e issuing body. 
730 0 2 |i Augmented by (work)  |a Encyclopedia of literature. 
856 4 0 |u http://proxy.library.tamu.edu/login?url=http://coral.library.tamu.edu/resourcelink.php?resource=2322  |t 0 
994 |a C0  |b TXA 
948 |a cataloged  |b h  |c 2005/4/29  |d c  |e jho  |f 11:07:20 am 
999 |a MARS 
999 f f |s 9231e614-f800-3dec-b6d6-626a687ad62e  |i 0169c578-0898-31e9-9164-2f8a28325f14  |t 0 
952 f f |a Texas A&M University  |b College Station  |c Electronic Resources  |d Available Online  |t 0  |e PN451 .L58  |g Electronic  |h Library of Congress classification 
998 f f |a PN451 .L58  |t 0  |l Available Online